000 00811nam a22002297a 4500
001 44235
003 BD-RjUL
005 20211209053824.0
008 160716s1965 bg ||||| |||| 00| 0 ben d
020 _c: TK 3.00
035 _a(BD-RjUL)44353
040 _aBD-RjUL
_bben
_cBD-RjUL
041 _aben
082 _223
_a297
_bULP 1965
100 _aউল্লা, খানবাহাদুর আহছান
_9135829
245 1 0 _aপ্রেমিকের পত্রাবলী /
_cখানবাহাদুর আহছান উল্লা
260 _aঢাকা :
_bআহছানিয়া মিশন,
_c১৯৬৫
300 _a[১০], ১৯২ পৃ. ;
_c১৮ সেমি.
650 _aইসলাম
_9135830
650 _aIslam
_9135831
942 _2ddc
_cBK
999 _c44235
_d44235